000 00863nam a2200253Ia 4500
003 OSt
005 20220930065657.0
006 a|||||r|||| 00| 0
007 ta
008 220926b |||||||| |||| 00| 0 eng d
024 _a5956
037 _cTheses
040 _aCRL
_cCRL
_beng
041 _2eng
_aeng
100 _aPasricha Poonam
_9526210
110 _aUniversity of Delhi. Faculty of Medical Science. Department of Radio-diagnosis
_9520258
245 0 _aRoentgenological profile of encysted pleural effusions and their aetiological correlation
260 _c1988
650 _aDIAGNOSIS
_9519345
700 _a Dr Sushma Chawla Supervisor
_9523997
700 _aUniversity of Delhi. Faculty of Medical Science. Department of Radio-diagnosis
_9520260
942 _cDIS
_2CC
999 _c859884
_d859884